The road to serdom

Sparad:
Bibliografiska uppgifter
Huvudupphovsman: Hayek, F. A.
Materialtyp: Bok
Språk:Undetermined
Publicerad: London George Routledge & Sons Ltd. 1944
Ämnen:
Taggar: Lägg till en tagg
Inga taggar, Lägg till första taggen!
Thư viện lưu trữ: Trung tâm Học liệu Trường Đại học Cần Thơ
LEADER 00457nam a2200169Ia 4500
001 CTU_78711
008 210402s9999 xx 000 0 und d
082 |a 338.91 
082 |b H413 
100 |a Hayek, F. A. 
245 4 |a The road to serdom 
245 0 |c F. A. Hayek 
260 |a London 
260 |b George Routledge & Sons Ltd. 
260 |c 1944 
650 |a Economic policy,Totalitarianism 
980 |a Trung tâm Học liệu Trường Đại học Cần Thơ